Daňové povinnosti fyzických osôb. 2

Postup fyzických osôb po skončení r. 1996 v súvislosti so zdanením dosiahnutých príjmov. Príjmy, ktoré sa do daňového priznania nezapočítavajú. Osobitná sadzba dane.

Salvato in:
Dettagli Bibliografici
Autore principale: Piršelová, Dagmar
Natura: Capitolo di libro
Lingua:slovacco
Soggetti:
Tags: Aggiungi Tag
Nessun Tag, puoi essere il primo ad aggiungerne!!

MARC

LEADER 00000naa a2200000 4500
001 r023207
005 20230824085519.5
041 0 |a slo 
044 |a SK 
245 1 0 |a Daňové povinnosti fyzických osôb. 2  |c Dagmar Piršelová 
520 |a Postup fyzických osôb po skončení r. 1996 v súvislosti so zdanením dosiahnutých príjmov. Príjmy, ktoré sa do daňového priznania nezapočítavajú. Osobitná sadzba dane. 
610 2 0 |a Slovensko 
610 2 0 |a 1996 
610 2 0 |a 1997 
610 2 0 |a dane z príjmov 
610 2 0 |a osoby fyzické 
610 2 0 |a priznania daňové 
610 2 0 |a sadzby daňové 
100 1 |a Piršelová, Dagmar